Statistiken für Größte Skigebiete Österreich

Klicken Sie hier um das Quiz zu spielen!

Allgemein

  • Dieses Quiz wurde 163 mal gespielt
  • Das Durchschnittsergebnis liegt bei 4 aus 10

Antwortstatistiken

PistenkilometerSkigebiet% Korrekt
238 KmIschgl
69%
144 KmSölden
65%
230 KmKitzbühel
59%
270 KmSaalbach Hinterglemm
47%
143 KmZillertal
42%
214 KmSerfaus Fiss Ladis
31%
305 KmSki Arlberg
30%
284 KmWilder Kaiser
29%
139 KmMayrhofen
18%
123 KmSchladming Planai
10%

Verteilung der Resultate

Perzentil nach korrekt beantworteten Fragen

Anzahl Personen mit jedem Resultat

Ihre Resultats-Entwicklung

Sie haben dieses Quiz noch nicht gespielt